Supreme Awakening (Record no. 397021)
[ view plain ]
| 000 -LEADER | |
|---|---|
| fixed length control field | 00505nam a22002057a 4500 |
| 005 - DATE & TIME | |
| control field | 20260216152322.0 |
| 008 - FIXED-LENGTH DATA ELEMENTS--GENERAL INFORMATION | |
| fixed length control field | 260216b |||||||| |||| 00| 0 eng d |
| 020 ## - ISBN | |
| International Standard Book Number | 9780983783373 |
| Price | Rs. 700.00 |
| 040 ## - CATALOGING SOURCE | |
| Original cataloging agency | VIVEKANANDA LIBRARY |
| 082 ## - DDC NUMBER | |
| Classification number | 294.5436 |
| Book Number | L149S |
| 100 ## - MAIN ENTRY--PERSONAL NAME | |
| Personal name | Lakshmanjoo, Swami |
| 245 ## - TITLE STATEMENT | |
| Title | Supreme Awakening |
| 260 ## - PUBLICATION, DISTRIBUTION, ETC. (IMPRINT) | |
| Place of publication, distribution, etc | New Delhi |
| Name of publisher, distributor, etc | Ishwar Ashram Trust |
| Date of publication, distribution, etc | 2021 |
| 300 ## - PHYSICAL DESCRIPTION | |
| Pages | xxvi, 322 |
| 650 ## - Subject | |
| Subject | Religion |
| 650 ## - Subject | |
| Subject | Hinduism |
| 650 ## - Subject | |
| Subject | Shaivism |
| 700 ## - Added Entry Personal Name | |
| Added Entry Personal Name | Hughes, John |
| 942 ## - ADDED ENTRY ELEMENTS (KOHA) | |
| Koha item type | Books |
| Withdrawn status | Lost status | Source of classification or shelving scheme | Damaged status | Not for loan | Location (home branch) | Sublocation or collection (holding branch) | Shelving location | Date acquired | Koha issues (times borrowed) | Koha full call number | Accession No. | Koha date last seen | Koha item type |
|---|---|---|---|---|---|---|---|---|---|---|---|---|---|
| Dewey Decimal Classification | VIVEKANANDA LIBRARY | VIVEKANANDA LIBRARY | Vivekananda Library | 16/02/2026 | 1 | 294.5436 L149S | 314627 | 17/04/2026 | Books |
